| 000 | 00635nam a2200253Ia 4500 | ||
|---|---|---|---|
| 005 | 20260306145529.0 | ||
| 008 | 008 260114s9999 xx 000 0 eng d | ||
| 020 | _a9780824857271 | ||
| 037 | _aEbook | ||
| 040 | _aCRL | ||
| 040 | _beng | ||
| 040 | _cCRL | ||
| 041 | _2eng | ||
| 041 | _aeng | ||
| 084 | _qCRL | ||
| 100 |
_aMuller, A. CharlesBuswell, Robert E. _91124004 |
||
| 245 | 0 | _aKorea’s Great Buddhist-Confucian Debate | |
| 260 | _bUniversity of Hawaii Press | ||
| 260 | _c2015 | ||
| 650 | _aHistory | ||
| 856 | _uhttps://www.degruyter.com/isbn/9780824857271 | ||
| 942 | _cEBOOK | ||
| 999 |
_c1688861 _d1688861 |
||